000 00665nam a2200193Ia 4500
003 GCL
008 140319s9999 xx 000 0 ara d
040 _aGCL /
_cGCL
082 0 4 _a810.97
_bش ع
100 1 _aشوقى ضيف
245 1 0 _aعصر الدول والامارات: الجزيرةالعربية ـ العراق ـ ايران /
_cشوقى ضيف
260 _aالقاهرة :
_bدار المعارف ،
_c1990
300 _a684 ص ؛
_c22 سم
490 _aتاريخ الادب العربى
_v5
650 0 4 _aالادب العربى
650 0 4 _aالدولة العباسية الثانية
650 0 4 _aتاريخ ونقد
942 _2ddc
_cBK
999 _c27858
_d27858